Η πανεπιστημιακή εκπαίδευση στην Ελλάδα : στο νέο ευρωπαϊκό και διεθνές περιβάλλον

Αποθηκεύτηκε σε:
Λεπτομέρειες βιβλιογραφικής εγγραφής
Άλλοι συγγραφείς: Τσούκαλης, Λουκάς, 1950- (Επιμελητής έκδοσης)
Μορφή: Βιβλίο
Γλώσσα:Greek
Δημοσίευση: Αθήνα : Ελληνικό Ίδρυμα Ευρωπαϊκής και Εξωτερικής Πολιτικής, c2006.
Σειρά:ΕΛΙΑΜΕΠ κείμενο πολιτικής
Θέματα:
Ετικέτες: Προσθήκη ετικέτας
Δεν υπάρχουν, Καταχωρήστε ετικέτα πρώτοι!

MARC

LEADER 00000cam a2200000 i 4500
001 1/10883
008 101112s gr | ||| |||| ||gre||
020 |a 9608356148 
035 |l 10109201 
040 |a GR-MY-UA  |b gre  |e aacr 
041 0 |a gre 
082 7 |a 479.495   |2 (22) 
245 0 2 |a Η πανεπιστημιακή εκπαίδευση στην Ελλάδα :   |b στο νέο ευρωπαϊκό και διεθνές περιβάλλον /   |c επιμέλεια: Λουκάς Τσούκαλης.  
260 |a Αθήνα :   |b Ελληνικό Ίδρυμα Ευρωπαϊκής και Εξωτερικής Πολιτικής,   |c c2006.  
300 |a 46 σ. ;   |c 24 εκ.  
490 1 |a (ΕΛΙΑΜΕΠ κείμενο πολιτικής)  
650 0 0 |a Education and state  |z Greece. 
650 0 0 |a Education, Higher  |z Greece. 
650 0 0 |a Higher education and state  |z Greece. 
700 1 |a Τσούκαλης, Λουκάς,   |d 1950-  |e edt 
830 0 |a ΕΛΙΑΜΕΠ κείμενο πολιτικής 
852 |a INST  |b RHODES  |e 20101112  |h 379.495 ΠΑΝ  |p 005400032959  |q 005400032959  |t BK  |y 0 
901 |a BIBL4-2010-2 
909 |a Ρ  |b 163430 
970 |z 2010/05